| 000 | 00558nam a2200217Ia 4500 | ||
|---|---|---|---|
| 008 | 160803s9999 xx 000 0 und d | ||
| 020 | _a9780439455626 | ||
| 100 | _aPinnell, Gay Su | ||
| 245 | _aI can run / | ||
| 245 | _cwritten by Gay Su Pinnell ; illustrated by Melissa Sweet. | ||
| 260 | _aNew York : | ||
| 260 | _bScholastic Inc. | ||
| 260 | _c2002 | ||
| 300 | _a9 pages : | ||
| 300 | _bcolor illustrations ; | ||
| 300 | _c19 cm. | ||
| 650 | _aBoys -- | ||
| 650 | _aReading (Elementary) | ||
| 650 | _xJuvenile fiction. | ||
| 700 | _aBR | ||
| 999 |
_c299712 _d299712 |
||